=LDR 00000nam 2200000 4500 =001 INLIS000000000046017 =005 20150213085310.0 =006 =007 =008 =035 ##$$0010-021500000000577 =040 ##$$a NBPDMAT =082 ##$$a 372.27 =090 ##$$a 372.27 $b For c =100 ##$$a Forum Guru Indonesia =245 ##$$a Cepat Tepat Taklukan UN Dan US SMA / IPA / $c Forum Guru Indonesia ; Editor, Hada Maulana & Ulfa Halda =260 ##$$a Jakarta $b Gudang Ilmu $c [s.a] =300 ##$$a x,450 hlm $c 28 cm =650 ##$$a Ujian Nasional - SMA =700 ##$$a Hada Mualana & Ulfah Halda =990 ##$$a 2090101084/BPAP-NTB/2015 =990 ##$$a 2090101086/BPAP-NTB/2015 =990 ##$$a 2090101087/BPAP-NTB/2015 =990 ##$$a 0001/BPAP-NTB/2015